01299naa a2200229 a 450000100080000000500110000800800410001910000180006024500660007826000090014452006740015365300180082765300190084565300170086465300170088170000170089870000180091570000230093370000230095670000190097977300710099810792852011-08-11 2011 bl uuuu u00u1 u #d1 aOLSSON, D. C. aMarcadores fluorescentes coloidaisbconceitos e aplica????es. c2011 aOs nanocristais coloidas ou quantum dots s??o pontos qu??nticos e semicondutores na forma coloidal. Eles t??m sido respons??veis por um grande volume de pesquisas, seja no ??mbito da ci??ncia b??sica ou aplica????es em campos diversos como sonda luminescente, dentre eles a biotecnologia. O dom??nio das metodologias desses pontos qu??nticos ?? o primeiro e fundamental passo para futuras aplica????es como biomarcadores em sistemas biol??gicos, in vitro e in vivo, devido a vantagens em rela????o aos fluor??foros org??nicos. O objetivo deste artigo ?? realizar uma breve revis??o sobre marcadores biol??gicos nanocristais e sua import??ncia nas pesquisas biol??gicas. aBiomarcadores aFlouresc??ncia aNanocristais aQuantum dots1 aPIPPI, N. L.1 aRAISER, A. G.1 aOLIVEIRA, G. K. de1 aTREICHEL, T. L. E.1 aSALBEGO, F. Z. tCi??ncia Rural, Santa Mariagv. 41, n. 6, p. 1043-1050, jun. 2011.